| Поле | Инд. | ПП | Название | Значение |
|---|---|---|---|---|
| Тип записи | a | |||
| Библиографический уровень | m | |||
| 001 | Контрольный номер | RU/LIBMSTU/328710375 | ||
| 005 | Дата корректировки | 20151224102438.3 | ||
| 008 | Кодируемые данные | 100602|||||||||ru |||||||||||000|||rus|| | ||
| 020 | c | Цена, тираж | 2000-00 | |
| 040 | b | Код языка каталог. | rus | |
| 041 | 0_ | a | Код языка текста | rus |
| 084 | a | Индекс другой классификации/Индекс ББК | 65.262.6+63.2 | |
| 090 | a | Полочн. индекс | 65.26 | |
| x | Авторский знак | П 15 | ||
| 245 | 10 | a | Заглавие | Памятные и инвестиционные монеты Банка России |
| b | Продолж. заглавия | ежегодный каталог памятных и инвестиционных монет Банка России : [нагляд.-метод. пособие] | ||
| c | Ответственность | Федер. агентство по рыболовству, ФГОУ ВПО "Мурман. гос. техн. ун-т", Экон. фак. ; [сост. Л. В. Конакова, В. В. Гетманов, Г. И. Вербицкая] | ||
| 260 | a | Место издания | Мурманск | |
| b | Издательство | Изд-во МГТУ | ||
| c | Дата издания | 2010 | ||
| 300 | a | Объем | 56, [3] с. | |
| b | Иллюстрации/ тип воспроизводства | цв. ил. | ||
| 504 | a | Библиография | Библиогр.: с. 59 | |
| 650 | 04 | a | Основная рубрика | Денежное обращение-Россия |
| 653 | 0_ | a | Ключевые слова | Денежные системы |
| a | Ключевые слова | Инвестиционные монеты | ||
| a | Ключевые слова | Монеты России 2008 г. | ||
| a | Ключевые слова | Памятные монеты | ||
| 700 | 12 | a | Другие авторы | Конакова Л. В. |
| e | Роль лиц | сост. | ||
| 700 | 1_ | a | Другие авторы | Гетманов В. В. |
| e | Роль лиц | сост. | ||
| 700 | 1_ | a | Другие авторы | Вербицкая Г. И. |
| e | Роль лиц | сост. | ||
| 901 | t | Тип документа | m |